000 00263nam a2200109Ia 4500
008 200302s9999 xx 000 0 und d
100 _aDominic Bradbury
245 _aMid-Century Modern Complete
260 _bThames and Hudson Ltd.
260 _c1953
300 _a544
999 _c3711
_d3711